1124 1046 1082 1968 1588 1783 1997 1025 1275 1879 1055 1421 1508 1534 1616 1793 1409 1339 1658 1030 1859 1035 1433 1490 1371 1232 1658 1400 1239 1901 1575 1596 1533 1474 1241 1438 1317 1955 1534 1459 1814 1332 1345 1637 1666 1440 1231 1224 1971 1956 1202 1311 1867 1269 1711 1305 1420 1996 1370 1350 1170 1277 1826 1165 1198 1008 1515 1921 1586 1782 1919 1822 1725 1104 1449 1131 1243 1019 1910 1866 1306 1509 1193 1202 1619 1077 1071 1877 1715 1892 1434 1783 1432 1747 1987 1449 1486 1114 1387 BCNSPRNW ULIB Ver.6.0+V

เปลี่ยนเป็นภาษาไทย

Change to English
 แสดงรายละเอียดบรรณานุกรม
  กลับหน้าหลัก

Brief Record : Get Marc (ISO 2709) : E-mail record : QR code < ปิดหน้าต่าง
LEADER : 00000nam 2200000uu 4500
001    13399128440
003     ULIB
008    230828s||||||||th 000 0 tha d
020    ^a9786165901192
060  4 ^aWY152^bจ483ผ
100 0  ^aจินตนา สุวิทวัส
245 10 ^aผู้สูงอายุ :^bโภชนาการและการพยาบาล /^cจินตนา สุวิทวัส
250    ^aพิมพ์ครั้งที่ 1
260    ^aขอนแก่น :^bเพ็ญพริ้นติ้ง,^c2565
300    ^a121 หน้า :^bภาพประกอบ
500    ^aบรรณานุกรม : จินตนา สุวิทวัส. (2565). ผู้สูงอายุ : โภชนาการและการพยาบาล. ขอนแก่น : เพ็ญพริ้นติ้ง.
505 0  ^a^tบทที่ 1 ประชากรผู้สูงอายุและภาวะโภชนาการในผู้สูงอายุ --^tบทที่ 2 การเปลี่ยนแปลงทางร่างกาย จิตใจ อารมณ์และสังคมในผู้สูงอายุ --^tบทที่ 3 การประเมินภาวะโภชนาการผู้สูงอายุ --^tบทที่ 4 ความต้องการพลังงาน สารอาหาร เส้นใยอาหารและน้ำในผู้สูงอายุ --^tบทที่ 5 การบริโภคอาหารในผู้สูงอายุ --^tบทที่ 6 การใช้กระบวนการพยาบาลในการพยาบาลด้านโภชนาการสำหรับผู้สูงอายุุ
650  7 ^aการพยาบาลผู้สูงอายุ
650  7 ^aโภชนาการ
650  7 ^aผู้สูงอายุ^xโภชนาการ
856    ^a^zผู้สูงอายุ โภชนาการและการพยาบาล (10053509).pdf (สารบัญหนังสือ)^uhttp://61.19.69.198/ULIB//_fulltext/Content ::/13399138214/20220922084752_2303.pdf
945    ^p250^l0^i29621
945    ^p250^l0^i29622
945    ^p250^l0^i29623
945    ^p250^l0^i29624
945    ^p250^l0^i29625
999    ^aกัณชพร จุลอักษร
รายการนี้ยังไม่มีแท็ก
คุณยังไม่ได้ล็อกอิน คุณสามารถมีกิจกรรมร่วมกับเว็บไซต์ได้ แต่ต้องล็อกอินก่อน ::
  ล็อกอิน

รายการสื่อสารสนเทศ

ลำดับที่ ประเภท เลขเรียก/บาร์โค้ด สถานที่ สถานะ
1. หนังสือสำรอง
หนังสือสำรอง
WY152 จ483ผ ฉ.1 
  Barcode: 29621
ห้องสมุดวิทยาเขตนครสวรรค์
►หนังสือทั่วไป:l:General Books
บนชั้น
2. วิทยาศาสตร์การแพทย์ และสุขภาพ
วิทยาศาสตร์การแพทย์ และสุขภาพ
WY152 จ483ผ ฉ.2 
  Barcode: 29622
ห้องสมุดวิทยาเขตนครสวรรค์
►หนังสือทั่วไป:l:General Books
บนชั้น
3. วิทยาศาสตร์การแพทย์ และสุขภาพ
วิทยาศาสตร์การแพทย์ และสุขภาพ
WY152 จ483ผ ฉ.3 
  Barcode: 29623
ห้องสมุดวิทยาเขตนครสวรรค์
►หนังสือทั่วไป:l:General Books
บนชั้น
4. วิทยาศาสตร์การแพทย์ และสุขภาพ
วิทยาศาสตร์การแพทย์ และสุขภาพ
WY152 จ483ผ ฉ.4 
  Barcode: 29624
ห้องสมุดวิทยาเขตนครสวรรค์
►หนังสือทั่วไป:l:General Books
บนชั้น
5. วิทยาศาสตร์การแพทย์ และสุขภาพ
วิทยาศาสตร์การแพทย์ และสุขภาพ
WY152 จ483ผ ฉ.5 
  Barcode: 29625
ห้องสมุดวิทยาเขตนครสวรรค์
►หนังสือทั่วไป:l:General Books
บนชั้น

รายการใกล้เคียง
    ผู้แต่ง [จินตนา สุวิทวัส]

    หัวเรื่อง [การพยาบาลผู้สูงอายุ]
    หัวเรื่อง [โภชนาการ]

BibComment


ยังไม่เคยถูกคอมเมนท์

คอมเมนท์ทรัพยากรรายการนี้
  คอมเมนท์: ผู้สูงอายุ โภชน..


 Copyright 2026. Bcnsprnw @Library